000 00773cam a2200253 a 4500
001 1145432
003 Nust
005 20220829121301.0
008 951005s1995 nyu 000 1 eng
010 _a 95045375
020 _a0330347551
040 _aDLC
_cDLC
_dDLC
050 0 0 _aPS3553.O5545
_bC66 1995
082 0 0 _a823
_bCOO
100 1 _aCook, Robin,
_d1940-
_911492
245 1 0 _aContagion /
_cRobin Cook.
260 _aNew York :
_bPutnam,
_c1995.
300 _a529 p. ;
_c24 cm.
650 0 _aCommunicable diseases
_xFiction.
_998579
655 7 _aMedical novels.
_2gsafd
_911124
906 _a7
_bcbc
_corignew
_d1
_eocip
_f19
_gy-gencatlg
942 _2ddc
_cBK
999 _c174453
_d174453